000 00461nam a2200157Ia 4500
008 240729s9999 xx 000 0 und d
022 _a2148-4171
245 0 _aHittite Journal of Science and Engineering
260 _aTürkiye
260 _bHitit University
650 _a Engineering (General). Civil engineering (General)
650 _aTechnology
856 _uhttps://doaj.org/toc/e6903696c0694389a13dc9f2ecc7bc5b
942 _2ddc
942 _cDOAJEJ
999 _c67511
_d67511
945 _a1
_bMadushi Gamage
_c1
_dMadushi Gamage